00325nam a2200121Ia 4500008004000000020001600040082001500056100002300071245003800094260003300132300001300165650002500178210210b1992 xxu||||| |||| 00| 0 eng d a817031298 1 a820.6 BOSN aBOSE (Asoke Nath). aNetaji's letters (to his nephew). aN DbArnold publishersc1992 aviii,126 aSubhash Chandra Bose